000 00916nam a2200253 a 4500
001 BRCA_7927
005 20190320210044.0
008 070314s1967----mx-a###f##---#000-0#spa-#
041 _aspa
044 _amx
050 4 _aE98
_b.SI571
_c1967
100 1 _aSiebert, Erna
_919610
245 1 0 _aEl arte de los indios norteamericanos de la costa noroeste
_bmáscaras, amuletos, maderas talladas e indumentaria ceremonial
_cErna Siebert y Werner Forman ; traducción del inglés de Lauro José Zavala.
260 _aMéxico
_bFondo de Cultura Económica
_c1967
300 _a47 p.
_bil. a color, 107 láminas
_c31 cm.
500 _a302
500 _aTítulo original : Indianerkunst
650 1 4 _aIndios de América del Norte
_vArte
_919611
650 1 4 _aArte nativo
_vExposiciones
_919612
700 1 _aForman, Werner
_ecoaut.
_919613
700 1 _aZavala, Lauro José
_etr.
_919614
902 _aGFM
942 _2lcc
_cB
999 _c7597
_d7597